MARC

LEADER 00000nam0a2200000 4500
001 358832
005 20231102011131.0
035 |a (RuTPU)RU\TPU\retro\16104 
035 |a RU\TPU\book\364312 
090 |a 358832 
100 |a 20200828d1931 k y0rusy50 ca 
101 0 |a rus  |a eng 
102 |a RU 
105 |a a z 000zy 
200 1 |a Гидрогеологический очерк Минусинского края  |f Я. С. Эдельштейн  |g Центральный научно-исследовательский геологоразведочный институт (ЦНИГРИ) ; СССР, Всесоюзное геологоразведочное объединение 
210 |a Москва  |a Ленинград  |c Геологическое изд-во  |d 1931 
215 |a 51 с.  |c ил.  |e 1 карта 
225 1 |a Труды Всесоюзного геолого-разведочного объединения  |v Вып. 145 
606 1 |a Гидрогеология  |y Сибирь и Дальний Восток  |2 stltpush  |3 (RuTPU)RU\TPU\subj\71714  |9 85497 
610 1 |a исследования 
610 1 |a поверхность 
610 1 |a орография 
610 1 |a геоморфология 
610 1 |a гидрография 
610 1 |a ландшафтные комплексы 
610 1 |a породы 
610 1 |a полезные ископаемые 
610 1 |a библиотека М. А. Усова 
675 |a 556.3(571)  |v 4 
700 1 |a Эдельштейн  |b Я. С.  |c российский геолог  |c один из создателей отечественной геоморфологии  |f 1869-1952  |g Яков Самойлович  |2 stltpush  |3 (RuTPU)RU\TPU\pers\29774  |9 14251 
712 0 2 |a Центральный научно-исследовательский геологоразведочный институт (ЦНИГРИ)  |c (1931-1939)  |2 stltpush  |3 (RuTPU)RU\TPU\col\18472 
712 0 1 |a СССР  |b Всесоюзное геологоразведочное объединение  |c (1931-1933)  |2 stltpush  |3 (RuTPU)RU\TPU\col\18435  |9 27031 
801 1 |a RU  |b 63413507  |c 20171114 
801 2 |a RU  |b 63413507  |c 20200828  |g RCR 
942 |c BK